Bus 173 - RATP - Statistiques

Statistiques générales
  • Ce quiz a été pris 66 fois
  • Le résultat moyen est 12 sur 32
Statistiques - réponses
Commune(s) Arrêts % Correct
La Courneuve La Courneuve-8 Mai 1945
70%
Paris Porte de Clichy
70%
Aubervilliers Mairie d'Aubervilliers
63%
Saint-Ouen Saint-Ouen RER
60%
Saint-Denis La Plaine-Stade de France RER
47%
Aubervilliers Heurtault
42%
Saint-Ouen Mairie de Saint-Ouen-République
42%
Saint-Denis Stade de France-Saint-Denis RER
42%
Saint-Ouen Capitaine Glarner
40%
Aubervilliers Fort d'Aubervilliers-Danielle Casanova
40%
Pantin ▪︎ Aubervilliers Hélène Cochennec
40%
Saint-Denis Landy-Ornano
40%
Saint-Denis Landy-Pleyel
40%
Saint-Ouen Mairie de Saint-Ouen-Jaurès
40%
Saint-Ouen Landy-Jaurès
37%
Saint-Ouen Victor Hugo-Sanzillon
37%
Saint-Ouen Les Bateliers
35%
Aubervilliers Balzac
33%
Aubervilliers Canal
33%
Aubervilliers Hemet
33%
Aubervilliers Rue des Cités
33%
Aubervilliers Schaeffer
33%
Saint-Denis Wilson-De Pressensé
33%
Clichy-la-Garenne Curton
30%
Clichy-la-Garenne Général Leclerc-Victor Hugo
30%
Saint-Denis Landy-Cheminots
30%
Saint-Denis Murger
30%
Aubervilliers Square Lucien Brun
30%
Clichy-la-Garenne Victor Hugo-Jean Jaurès
30%
Aubervilliers Danielle Casanova-Pont Blanc
28%
Saint-Denis Avenue des Fruitiers
26%
Pantin ▪︎ Aubervilliers Edouard Vaillant-Jean Jaurès
26%
Aucun quiz correspondant
Distribution des résultats
% des personnes avec chaque résultat
Percentile par nombre de réponses
Votre historique - résultats
Vous n’avez pas pris ce quiz